| 000 | 00345nam a22001577a 4500 | ||
|---|---|---|---|
| 003 | SGT | ||
| 020 | _a9781264285846 | ||
| 082 |
_a610 _bH22L |
||
| 100 | _aLoscalzo | ||
| 245 | _aHarrison's Principles of Internal Medicine | ||
| 260 |
_bMc Graw Hill _c2022 |
||
| 300 | _a1840 | ||
| 650 | _aMedicine | ||
| 653 | _aMedicine | ||
| 942 |
_2ddc _cBK _06 |
||
| 999 |
_c24769 _d24769 |
||